Kurdish football players by picture - Statistics

General Stats
  • This quiz has been taken 21 times
    6 since last reset
  • The average score is 10 of 24
Answer Stats
Picture Answer % Correct
Deniz Undav
100%
Çekdar Orhan
67%
Deniz Nakî
67%
Mahmoud Dahoud
67%
Mehmet Zeki Çelik
67%
Oğuz Aydın
67%
Zidan Sertdemir
67%
Abdulsamed Damlu
33%
Ahmad Allée
33%
Ahmad Al Saleh
33%
Aso Rostam
33%
Barış Ataş
33%
Bekir İrtegün
33%
Eren Derdiyok
33%
Rewan Amin
33%
Sarhang Muhsin
33%
Selçuk Şahin
33%
Sinan Kaloğlu
33%
Umut Bozok
33%
Voria Ghafouri
33%
Yunus Emre Konak
33%
Zana Allée
33%
Guram Adzhoyev
0%
Haron Ahmed Zubair
0%
No matching quizzes found
Score Distribution
Percent of People with Each Score
Percentile by Number Answered
Your Score History
You have not taken this quiz since the last reset